000 00605nam a2200181 a 4500
001 000040317
005 20201002034044.0
008 130821s1968 sp 000 0 spa d
040 _aDO-SdBNP
_bspa
_cBNPHU
100 1 _aLaude, Jean
_966605
240 1 0 _aLe arts de I Atrique nolre
_lespañol
245 1 4 _aLas artes del África negra /
_cJean Laude ; traducción Fenándo Gutiérrez.
260 _aBarcelona :
_bEdiciones Labor,
_c1968.
300 _a282 p. ;
_c21 cm.
490 1 _aNueva colección Labor
_v70
700 1 _aGutiérrez, Fernándo
_etr.
_94139
830 0 _aNueva colección Labor
_v70
_947180
999 _c39807
_d39807